000 00522nam a2200181Ia 4500
008 090124s9999 xx 000 0 und d
082 _b126512
100 _aदेवधर ज्योत्स्ना.
245 _a चुकामूक
250 _a1
260 _c1994
300 _a156
600 _aदेवधर ज्योत्स्ना.
630 _a चुकामूक
700 _aदेवधर ज्योत्स्ना.
730 _a चुकामूक
942 _cBOOK
999 _c172602
_d172602